| 000 | 00782nam a2200193Ii 4500 | ||
|---|---|---|---|
| 003 | JO-AjNU | ||
| 008 | 230605s9999||||xx |||||||||||||| ||und|| | ||
| 040 |
_aJO-AjNU _bara _erda _cJO-AjNU |
||
| 041 | _aara | ||
| 050 | 1 | 4 | _aLB1131.H8744 1989 |
| 100 | 3 |
_aعبد الرحمن،حسين راضي مؤلف/مقابلة،زايد خالد مصطفى م.مشارك, _eauthor _915224 |
|
| 245 | 0 | 0 | _aطرق تعليم الأطفال القراءة والكتابة |
| 264 | 3 | 1 | _aإربد:دار الكندي للنشر،1989 |
| 300 | _a174ص | ||
| 336 |
_atext _btxt _2rdacontent |
||
| 337 |
_aunmediated _bn _2rdamedia |
||
| 338 |
_avolume _bnc _2rdacarrier |
||
| 650 | 4 |
_aتعليم الأطفال. القراءة-دراسة وتعليم. الكتابة-دراسة وتعليم _915225 |
|
| 999 |
_aA4248 _c7816 _d7816 |
||